000 00538cam a22002051 4500
001 ca 24000643
003 DLC
005 20260227111112.0
008 881011s1924 cau 000 0 eng
010 _aca 24000643
035 _a(OCoLC)18591682
040 _aDLC
_cRPB
_dRPB
_dDLC
042 _apremarc
050 0 0 _aPS3545.I536
_bP6 1924
100 1 _aWilliams, Susan.
245 1 0 _aPoems of truth,
_cby Susan Williams.
250 _a1st ed.
260 _a[San Jose, Calif.,
_bSmith & Smith]
_cc1924.
300 _a25, [1] p.
_c25 cm.
999 _c15817
_d15817